header

The Elite / (Record no. 259606)

MARC details
000 -LEADER
fixed length control field 00961nam a22002777a 4500
003 - CONTROL NUMBER IDENTIFIER
control field OSt
005 - DATE AND TIME OF LATEST TRANSACTION
control field 20221118112532.0
008 - FIXED-LENGTH DATA ELEMENTS--GENERAL INFORMATION
fixed length control field 221118b xxu||||| |||| 00| 0 eng d
010 ## - LIBRARY OF CONGRESS CONTROL NUMBER
LC control number 2012038124
040 ## - CATALOGING SOURCE
Original cataloging agency DLC
Language of cataloging Eng
Transcribing agency DLC
Modifying agency DLC
Description conventions rda
050 ## - LIBRARY OF CONGRESS CALL NUMBER
Classification number PZ7
Item number .C2685 2013
100 ## - MAIN ENTRY--PERSONAL NAME
Personal name Cass, Kiera.
245 ## - TITLE STATEMENT
Title The Elite /
Statement of responsibility, etc Kiera Cass.
250 ## - EDITION STATEMENT
Edition statement 1st ed.
260 ## - PUBLICATION, DISTRIBUTION, ETC. (IMPRINT)
Place of publication, distribution, etc New York, NY :
Name of publisher, distributor, etc HarperTeen,
Date of publication, distribution, etc c2013.
300 ## - PHYSICAL DESCRIPTION
Extent 323 p. ;
Dimensions 22 cm.
500 ## - GENERAL NOTE
General note "A Selection novel"--Jtk. cover.
520 ## - SUMMARY, ETC.
Summary, etc "Sixteen-year-old America Singer is one of only six girls still competing in the Selection--but before she can fight to win Prince Maxon and the Illean crown, she must decide where her own heart truly lies"--
650 ## - SUBJECT ADDED ENTRY--TOPICAL TERM
Topical term or geographic name as entry element Marriage
Form subdivision Fiction
Topical term or geographic name as entry element Contests
Form subdivision Fiction.
Topical term or geographic name as entry element Social classes
Form subdivision Fiction.
Topical term or geographic name as entry element Princes
Form subdivision Fiction.
Topical term or geographic name as entry element Love
Form subdivision Fiction.
Topical term or geographic name as entry element Revolutionaries
Form subdivision Fiction.
942 ## - ADDED ENTRY ELEMENTS (KOHA)
Source of classification or shelving scheme Library of Congress Classification
Koha item type Long Loan Books
Holdings
Withdrawn status Lost status Source of classification or shelving scheme Damaged status Not for loan Collection code Home library Current library Shelving location Date acquired Total Checkouts Full call number Barcode Date last seen Date checked out Price effective from Koha item type
    Library of Congress Classification     Fiction Rongo University Library Rongo University Library General Stacks 18/11/2022 2 PZ7 .C2685 2013 202200460 28/03/2023 13/03/2023 18/11/2022 Long Loan Books

© 2026 Rongo University
Contact us: librarian | system librarian | Rongo university